O computador (Registo nº 198962)

Detalhes MARC
000 -Etiqueta do registo
Valores 00618nam 22001933 4500
010 ## - Número ISBN
ISBN 972-41-2079-1
021 ## - Número do Depósito Legal
Código do país Portugal
Número 136249/99
100 ## - Dados gerais de processamento
Dados gerais 20251111d u||y0pory50 ba
200 ## - Titulo e menção de responsabilidade
Título próprio O computador
Informação de outro título janelas para ver as coisas por dentro
Primeira menção de responsabilidade projecto de Carlo A. Michelini, texto de Giovanna Mantegazza
Outras menções de responsabilidade ilustrações Donata Montanari
210 ## - Publicação
Local de publicação [Porto]
Nome do editor Edições Asa
Data de publicação D. L. 1999
215 ## - Descrição física 
Paginação / Volumes [16] p.
Outras indicações físicas il. ; cartonado
Dimensões 28 cm
606 ## - Nome comum usado como assunto
ID Autoridade 235
Palavra de ordem Literatura infantil
610 ## - Termos não controlados
Palavra de ordem computador
675 ## - CDU
Notação 821-93
Edição PT
Língua por
801 ## - Fonte de origem
País PT
Agência BMMN
Regras de catalogação RPC
830 ## - Notas gerais do catalogador
Criado por Isabel
990 ## - Elementos KOHA
Tipo de documento Livro
Exemplares
Situação do levantamento Biblioteca de origem Código de barras Cota Permissão de empréstimo Tipo de documento Forma de aquisição
  Biblioteca Municipal de Montemor-o-Novo 27607 821-93 MIC|AIJ   Livro Oferta

Powered by Koha